L'omosessualità : un dialogo teologico /

Guardat en:
Dades bibliogràfiques
Autors principals: Demur, Christian (Autor), Müller, Denis (Autor)
Altres autors: Genre, Ermanno
Format: Llibre
Idioma:italià
Publicat: Torino : Claudiana, \1995!
Col·lecció:Piccola collana moderna ; 75
Matèries:
Etiquetes: Afegir etiqueta
Sense etiquetes, Sigues el primer a etiquetar aquest registre!

MARC

LEADER 00000nam a2200000 i 4500
001 IT\ICCU\LO1\0366033
003 ItRI
005 20260203104237.0
008 950620s1995 it |||||| ||||| |||||c
015 |2 IT  |a 96-6214 
020 |a 8870162087 
040 |b ita  |c Arcigay Rimini 
041 7 |a ita  |2 ISO-639-2 
082 |a 261.835766  |2 20 
100 1 |a Demur, Christian  |0 IT\ICCU\LO1V\146781  |4 aut 
240 1 2 |a L'homosexualité.  |9 Demur, Christian 
245 1 2 |a L'omosessualità :  |b un dialogo teologico /  |c Christian Demur, Denis Müller ; prefazione di Ermanno Genre. 
260 |a Torino :  |b Claudiana,  |c \1995! 
300 |a 164 p. ;  |c 21 cm 
500 |a Trad. di Rita Gay. 
650 7 |a Omosessualità  |x Concezione cristiana 
700 1 |a Müller, Denis  |0 IT\ICCU\TO0V\034890  |4 aut 
700 1 |a Genre, Ermanno  |0 IT\ICCU\CFIV\070622 
830 0 |a Piccola collana moderna ;  |v 75  |0 IT\ICCU\CFI\0008535 
942 |2 ddc  |c BK 
952 |0 0  |1 0  |2 ddc  |4 0  |6 261_835000000000000_CHR_DEN_LOM  |7 1  |9 2262  |a RN  |b RN  |d 2024-12-23  |l 0  |o 261.835 CHR DEN LOM  |p 9715  |r 2024-12-23 13:50:43  |w 2024-12-23  |y BK 
952 |0 0  |1 0  |4 0  |6 DOC_261_835000000000000_DEM  |7 0  |9 16208  |a BO  |b BO  |d 2026-01-15  |i 3344  |l 0  |o DOC 261.835 DEM  |p BO3344  |r 2026-01-15 23:19:17  |w 2026-01-15  |x [Sebina 5] [1 v.]  |y BK  |z 1 v. 
952 |0 0  |1 0  |4 0  |6 DOC_306_766000000000000_DEM  |7 0  |9 16209  |a BO  |b BO  |d 2026-01-15  |i 6734  |l 0  |o DOC 306.766 DEM  |p BO6734  |r 2026-01-15 23:19:17  |w 2026-01-15  |x [Sebina 5] [1 v.]  |y BK  |z 1 v. 
981 1 |6 z01  |a i   |b xxxe  
982 1 |6 z01  |a n 
999 |c 1986  |d 1986